000 00306nam a22001337a 4500
008 170707b xxu||||| |||| 00| 0 eng d
020 _a1559050527
041 _aeng
080 _a003
100 _a23
101 _aENC
245 _aTHE ILLUSTRATED ENCYCLOPEDIA OF WILDLIFE
_cPEARL.M.C
942 _2udc
_cBK
999 _c20096
_d20096